| 000 | 01554nam a2200493 i 4500 | ||
|---|---|---|---|
| 001 | 39875 | ||
| 003 | KOSZ 005 | ||
| 005 | 20220603123512.0 | ||
| 008 | 010924s2001 pl |001 0 pol | ||
| 015 | _aUWD 2001/17513 | ||
| 020 | _a8388551922 | ||
| 035 | _a991016909139705066 | ||
| 035 | _a(PL-WaBN)b14563757-48omnis_nlop | ||
| 035 | _ab14563757 | ||
| 035 | _a(OCoLC)749160104 | ||
| 035 | _azz2003831200 | ||
| 035 | _a(PL)b0000001456375 | ||
| 035 | _a(EXLNZ-48OMNIS_NETWORK)9910380939405606 | ||
| 040 |
_aWA N _cWA N _dKOSZ 005/HR |
||
| 041 | 0 | _apol | |
| 046 | _k2001 | ||
| 080 | _a347.72(438) | ||
| 080 | _a(094.4.07) | ||
| 100 | 1 |
_aKidyba, Andrzej _d(1957- ) _eAutor |
|
| 245 | 1 | 0 |
_aKodeks spółek handlowych : _bobjaśnienia / _cAndrzej Kidyba. |
| 250 | _aStan prawny na 1 maja 2001 r. | ||
| 260 |
_aKraków : _b"Zakamycze", _c2001. |
||
| 300 |
_a989, [1] s. ; _c22 cm. |
||
| 336 |
_aTekst _btxt _2rdacontent |
||
| 337 |
_aBez urządzenia pośredniczącego _bn _2rdamedia |
||
| 338 |
_aWolumin _bnc _2rdacarrier |
||
| 380 | _aKsiążki | ||
| 388 | _a2001- | ||
| 504 | _aBibliogr. przy pracach. - Indeks. | ||
| 648 | 7 | _a2001- | |
| 650 | 7 |
_aSpółki handlowe _2DBN |
|
| 650 | 7 | _aPrawo handlowe | |
| 651 | _aPolska | ||
| 658 | _aPrawo i wymiar sprawiedliwości | ||
| 710 | 2 |
_aKantor Wydawniczy Zakamycze _4pbl |
|
| 856 |
_uhttp://koha.tu.koszalin.pl/cgi-bin/koha/opac-detail.pl?biblionumber=39875 _yKatalog online BPK |
||
| 942 |
_2UKD _cKS |
||
| 999 |
_c39875 _d39875 |
||